000
00203 a2200097 4500
001
1141
100
_a
Ransey, A.S
245
_a
Electricity and magnetion
260
_a
_b
Cambridge
_c
090
_c
703
_d
703
942
_a
NUST-CAE
_c
M
_c
33634
999
_c
236214
_d
236214